000 00617nam a2200217 a 4500
001 BRCA_7533
005 20190320205857.0
008 240513s1954----nyua######---#000-0#eng-#
041 _aeng
044 _anyu
050 4 _aN5300
_b.T39 1954
100 1 _aTaylor, Francis Henry
_918574
245 1 0 _aFifty centuries of art
_cby Francis Henry Taylor.
260 _aNueva York
_bMetropolitan Museum of Art : Harper
_cc1954
300 _avii, 183 p.
_bil. a color, 342 láminas
500 _aS1
650 1 4 _aArte
_xHistoria
_918575
650 1 4 _aObjetos de arte
_xCatálogos
_918576
902 _aGFM
942 _2lcc
_cB
999 _c7207
_d7207